Movies Quiz

Random Movies or Cast Quiz

David Fincher Casts Quiz Stats

 Plays Quiz not verified by Sporcle

Also try: Tim Burton Casts
Challenge
Share
Tweet
Embed
Score 0/109 Timer 20:00
0 Plays Today
Film Answer % Correct
The Curious Case of Benjamin Button (2008)Brad Pitt
99.4%
Fight Club (1999)Brad Pitt
99.4%
Se7en (1995)Brad Pitt
99.4%
Fight Club (1999)Edward Norton
95.9%
Se7en (1995)Morgan Freeman
95.5%
Alien 3 (1992)Sigourney Weaver
93.6%
Gone Girl (2014)Ben Affleck
93.5%
Fight Club (1999)Helena Bonham Carter
93%
The Girl with the Dragon Tattoo (2011)Rooney Mara
92.4%
The Social Network (2010)Jesse Eisenberg
92.4%
The Social Network (2010)Rooney Mara
92.4%
Panic Room (2002)Jodie Foster
92.4%
The Girl with the Dragon Tattoo (2011)Daniel Craig
91.7%
Se7en (1995)Kevin Spacey
91.7%
The Curious Case of Benjamin Button (2008)Cate Blanchett
90.8%
Zodiac (2007)Jake Gyllenhaal
88.2%
Se7en (1995)Gwyneth Paltrow
86.6%
The Social Network (2010)Justin Timberlake
86.3%
Gone Girl (2014)Rosamund Pike
86.2%
Zodiac (2007)Robert Downey, Jr.
86%
Panic Room (2002)Jared Leto
84.7%
Fight Club (1999)Jared Leto
84.7%
Panic Room (2002)Kristen Stewart
83.4%
The Social Network (2010)Andrew Garfield
80.9%
Zodiac (2007)Mark Ruffalo
78%
The Game (1997)Michael Douglas
77.4%
Gone Girl (2014)Neil Patrick Harris
77.2%
Panic Room (2002)Forest Whitaker
75.5%
The Game (1997)Sean Penn
70.4%
The Social Network (2010)Armie Hammer
69.7%
Fight Club (1999)Meat Loaf
68.5%
Gone Girl (2014)Tyler Perry
61.2%
The Girl with the Dragon Tattoo (2011)Christopher Plummer
58.9%
The Curious Case of Benjamin Button (2008)Jared Harris
58.3%
The Curious Case of Benjamin Button (2008)Taraji P. Henson
53.2%
The Girl with the Dragon Tattoo (2011)Stellan Skarsgard
50.3%
The Social Network (2010)Rashida Jones
48.4%
Film Answer % Correct
Gone Girl (2014)Carrie Coon
44%
The Curious Case of Benjamin Button (2008)Tilda Swinton
37.6%
The Girl with the Dragon Tattoo (2011)Robin Wright
34.7%
Gone Girl (2014)Patrick Fugit
33.6%
Alien 3 (1992)Charles Dance
31.5%
Zodiac (2007)Chloe Sevigny
30.3%
Zodiac (2007)John Carroll Lynch
29.6%
Alien 3 (1992)Lance Henriksen
29.6%
Alien 3 (1992)Charles S. Dutton
29.3%
Se7en (1995)R. Lee Ermey
27.1%
Zodiac (2007)Anthony Edwards
25.8%
Panic Room (2002)Dwight Yoakam
25.8%
The Curious Case of Benjamin Button (2008)Elle Fanning
25.2%
Gone Girl (2014)Kim Dickens
24.1%
The Game (1997)Deborah Kara Unger
22.3%
Panic Room (2002)Nicole Kidman
21.7%
Gone Girl (2014)Missi Pyle
21.6%
The Curious Case of Benjamin Button (2008)Elias Koteas
21.3%
Zodiac (2007)Elias Koteas
21.3%
The Girl with the Dragon Tattoo (2011)Joely Richardson
20.7%
Zodiac (2007)Brian Cox
20.7%
Zodiac (2007)Philip Baker Hall
19.7%
The Social Network (2010)Aaron Sorkin
17.5%
The Social Network (2010)Joseph Mazzello
17.2%
Gone Girl (2014)Scoot McNairy
16.8%
Se7en (1995)John C. McGinley
16.6%
The Game (1997)Mark Boone Junior
15.6%
Se7en (1995)Mark Boone Junior
15.6%
The Curious Case of Benjamin Button (2008)Jason Flemyng
15.3%
Alien 3 (1992)Pete Postlethwaite
15.3%
The Game (1997)James Rebhorn
14.6%
Se7en (1995)Leland Orser
14%
The Social Network (2010)John Getz
13.4%
Zodiac (2007)John Getz
13.4%
Zodiac (2007)Donal Logue
13.4%
Se7en (1995)Richard Roundtree
13.4%
Zodiac (2007)Zach Grenier
13.1%
Film Answer % Correct
Fight Club (1999)Zach Grenier
13.1%
Zodiac (2007)Dermot Mulroney
12.7%
The Curious Case of Benjamin Button (2008)Julia Ormond
12.4%
Alien 3 (1992)Paul McGann
11.1%
Zodiac (2007)Adam Goldberg
10.8%
Alien 3 (1992)Ralph Brown
10.5%
Gone Girl (2014)Sela Ward
10.3%
Alien 3 (1992)Brian Glover
10.2%
Gone Girl (2014)David Clennon
9.9%
Zodiac (2007)Jimmi Simpson
9.9%
The Girl with the Dragon Tattoo (2011)Geraldine James
9.2%
The Girl with the Dragon Tattoo (2011)Julian Sands
9.2%
Zodiac (2007)Charles Fleischer
9.2%
The Game (1997)Armin Mueller-Stahl
9.2%
The Girl with the Dragon Tattoo (2011)Joel Kinnaman
8.6%
Zodiac (2007)Clea DuVall
8.6%
The Game (1997)Carroll Baker
8.6%
Panic Room (2002)Patrick Bauchau
8%
Alien 3 (1992)Danny Webb
8%
The Girl with the Dragon Tattoo (2011)Steven Berkoff
7.6%
The Girl with the Dragon Tattoo (2011)Tony Way
7.6%
The Game (1997)Spike Jonze
7.6%
Se7en (1995)Richard Schiff
7.6%
The Girl with the Dragon Tattoo (2011)Goran Visnjic
7.3%
Zodiac (2007)Ione Skye
7.3%
Se7en (1995)Reg E. Cathey
7%
The Girl with the Dragon Tattoo (2011)Yorick van Wageningen
6.7%
The Girl with the Dragon Tattoo (2011)Embeth Davidtz
6.4%
The Social Network (2010)David Selby
6.4%
The Game (1997)Tommy Flanagan
6.4%
The Girl with the Dragon Tattoo (2011)Donald Sumpter
6.1%
Zodiac (2007)James Le Gros
5.1%
Se7en (1995)Richard Portnow
5.1%
Zodiac (2007)Candy Clark
4.5%
Fight Club (1999)Eion Bailey
4.1%

You're not logged in!

Compare scores with friends on all Sporcle quizzes.
OR
Log In

You Might Also Like...

Show Comments

Extras

Top Quizzes Today


Score Distribution

Your Account Isn't Verified!

In order to create a playlist on Sporcle, you need to verify the email address you used during registration. Go to your Sporcle Settings to finish the process.

Report this User

Report this user for behavior that violates our Community Guidelines.

Details: